|
|
|
|
| LEADER |
00000nam0a2200000 4500 |
| 001 |
153636 |
| 005 |
20231031151455.0 |
| 010 |
|
|
|a 5247015762
|
| 020 |
|
|
|a RU
|b 91-25994
|
| 035 |
|
|
|a (RuTPU)RU\TPU\book\166672
|
| 090 |
|
|
|a 153636
|
| 100 |
|
|
|a 20090213d1991 m y0rusy5003 ca
|
| 101 |
0 |
|
|a rus
|
| 102 |
|
|
|a RU
|
| 105 |
|
|
|a a z 001zy
|
| 200 |
1 |
|
|a Геодезические методы измерения вертикальных смещений сооружений и анализ устойчивости реперов
|f В. Н. Ганьшин, А. Ф. Стороженко, Н. А. Буденков
|
| 205 |
|
|
|a 2-е изд., перераб. и доп.
|
| 210 |
|
|
|a Москва
|c Недра
|d 1991
|
| 215 |
|
|
|a 192 с.
|c ил.
|
| 320 |
|
|
|a Библиогр.: с. 187.
|
| 610 |
1 |
|
|a геодезические измерения
|
| 610 |
1 |
|
|a основания
|
| 610 |
1 |
|
|a фундаменты
|
| 610 |
1 |
|
|a осадка
|
| 610 |
1 |
|
|a расчет
|
| 610 |
1 |
|
|a геодезические наблюдения
|
| 610 |
1 |
|
|a инженерные сооружения
|
| 610 |
1 |
|
|a геометрическое нивелирование
|
| 610 |
1 |
|
|a гидронивелирование
|
| 610 |
1 |
|
|a параметрические уравнения
|
| 610 |
1 |
|
|a прогнозирование
|
| 675 |
|
|
|a 69:528
|v 3
|
| 701 |
|
1 |
|a Ганьшин
|b В. Н.
|g Владимир Николаевич
|
| 701 |
|
1 |
|a Стороженко
|b А. Ф.
|g Анна Федоровна
|
| 701 |
|
1 |
|a Буденков
|b Н. А.
|g Николай Алексеевич
|
| 801 |
|
0 |
|a RU
|b RuMRKP
|c 19950417
|g psbo
|
| 801 |
|
1 |
|a RU
|b 63413507
|c 20090213
|g PSBO
|
| 801 |
|
2 |
|a RU
|b 63413507
|c 20111126
|g PSBO
|
| 942 |
|
|
|c BK
|